El sistema jurídico: (Registro nro. 19638)
[ vista simple ]
| 000 -Cabecera | |
|---|---|
| Campo de control interno | 00451nam a2200181Ia 4500 |
| 005 - Fecha y hora del registro | |
| control field | 20260306172708.0 |
| 008 - Elementos de Longitud Fija | |
| fixed length control field | 260306t2009||||xx |||||||||||||| ||spa|| |
| 041 ## - Idioma | |
| Codigo Idioma | ESP |
| 082 ## - DEWEY y NOTACIÓN INTERNA | |
| Dewey | 340.7 |
| Notación Interna | R91 2009 |
| 100 ## - AUTOR | |
| Autor denominación | Rubio Correa, Marcial |
| Término de relación | autor |
| 245 #0 - TÍTULO DE MATERIAL BIBLIOGRÁFICO | |
| Título | El sistema jurídico: |
| Título paralelo | introducción al derecho |
| 260 ## - CIUDAD, EDITORIAL, AÑO | |
| Año | 2009 |
| 300 ## - DESCRIPCIÓN | |
| N° Páginas | 346 páginas : |
| Dimensiones | 24 cm. |
| 650 ## - TEMAS | |
| Temas | Generalidades |
| 654 ## - PROGRAMAS | |
| Programa | Dpto. de Derecho y Ciencia Política |
| 942 ## - ELEMENTOS DE KOHA | |
| Tipo de documento | Libro |
| Nombre del creador | Justo Noguera |
| Código de catalogador | Justo Noguera |
| Esquema de clasificación | Dewey Decimal Classification |
| Suppress in OPAC | |
| Codigo completo | Registro | Colección | Copia número | Disponibilidad | Tipo de préstamo | Biblioteca Actual | Procedencia (Biblioteca) | Ubicacón | Fecha Ingreso | Tipo de Adquisición | Date last seen | Total checkouts | Price effective from | Tipo de Item | Estado del Material | Fuente de Clasificación | Damaged status | Withdrawn status | Date last checked out |
|---|---|---|---|---|---|---|---|---|---|---|---|---|---|---|---|---|---|---|---|
| 340.7 R91 2009 | 1002487 | Universidad Católica San Pablo | 1 | Disponible | Disponible | Víctor Andrés Belaunde | Víctor Andrés Belaunde | Primer piso | 03/06/2026 | Compra | 06/03/2026 | 06/03/2026 | Libro | Bueno | Dewey Decimal Classification | ||||
| 340.7 R91 2009 | 1007747 | Universidad Católica San Pablo | 2 | Disponible | Disponible | Víctor Andrés Belaunde | Víctor Andrés Belaunde | Primer piso | 18/03/2026 | Compra | 23/04/2026 | 1 | 18/03/2026 | Libro | Bueno | Dewey Decimal Classification | 20/04/2026 | ||
| 340.7 R91 2009 | U0023794 | Universidad Católica San Pablo | 3 | Disponible | Disponible | Víctor Andrés Belaunde | Víctor Andrés Belaunde | Primer piso | 18/03/2026 | Compra | 18/03/2026 | 18/03/2026 | Libro | Bueno | Dewey Decimal Classification | ||||
| 340.7 R91 2009 | 1014230 | Universidad Católica San Pablo | 4 | Disponible | Disponible | Víctor Andrés Belaunde | Víctor Andrés Belaunde | Primer piso | 18/03/2026 | Compra | 18/03/2026 | 18/03/2026 | Libro | Bueno | Dewey Decimal Classification | ||||
| 340.7 R91 2009 | 1014231 | Universidad Católica San Pablo | 5 | Disponible | Disponible | Víctor Andrés Belaunde | Víctor Andrés Belaunde | Primer piso | 18/03/2026 | Compra | 18/03/2026 | 18/03/2026 | Libro | Bueno | Dewey Decimal Classification | ||||
| 340.7 R91 2009 | 1014232 | Universidad Católica San Pablo | 6 | Disponible | Disponible | Víctor Andrés Belaunde | Víctor Andrés Belaunde | Primer piso | 18/03/2026 | Compra | 18/03/2026 | 18/03/2026 | Libro | Bueno | Dewey Decimal Classification | ||||
| 340.7 R91 2009 | 1014233 | Universidad Católica San Pablo | 7 | Disponible | Disponible | Víctor Andrés Belaunde | Víctor Andrés Belaunde | Primer piso | 18/03/2026 | Compra | 21/04/2026 | 1 | 18/03/2026 | Libro | Bueno | Dewey Decimal Classification | 21/04/2026 |




